[Event "Basel op"]
[Site "Basel"]
[Date "2020.01.03"]
[Round "2"]
[White "Istratescu, Andrei"]
[Black "Range, Andreas"]
[Result "1-0"]
[WhiteElo "2543"]
[BlackElo "1844"]
[PlyCount "49"]
[EventDate "2020.01.02"]
[EventType "swiss"]
[EventRounds "7"]
[EventCountry "SUI"]
[SourceTitle "CBM 194 Extra"]
[Source "ChessBase"]
[SourceDate "2020.03.31"]
[SourceVersion "1"]
[SourceVersionDate "2020.03.31"]
[SourceQuality "1"]

1. e4 c6 2. d4 d5 3. e5 c5 4. dxc5 Nc6 5. Bb5 e6 6. Be3 Nge7 7. c3 Bd7 8. Bxc6 Bxc6 9. Bd4 Nf5 10. Nf3 Nxd4 11. Qxd4 Qc7 12. b4 a5 13. 0-0 Be7 14. a3 0-0 15. Nbd2 axb4 16. axb4 Bb5 17. Rfc1 Rfd8 18. Qe3 h6 19. h4 Ra6 20. Rxa6 bxa6 21. Ra1 Qb7 22. g3 Rd7 23. Nd4 Bd8 24. N2b3 Bc7 25. c6 1-0